Detalles MARC
| 000 -LÍDER |
| Campo fijo de descripción fija |
02706aam a2200325 i 4500 |
| 001 - NÚMERO DE CONTROL |
| Campo de control |
768714001 |
| 003 - IDENTIFICADOR DEL NÚMERO DE CONTROL |
| Campo de control |
CO-MdFUSB |
| 005 - FECHA Y HORA DE LA ULTIMA TRANSACCIÓN |
| control field |
20250127151516.0 |
| 007 - CAMPO FIJO DE DESCRIPCIÓN FIJA--INFORMACIÓN GENERAL |
| Campo fijo de descripción fija |
ta |
| 008 - ELEMENTOS DE LONGITUD FIJA -- INFORMACIÓN GENERAL |
| Campo fijo de descripción fija -- Información general |
160824t1996 -us |||| |||| 00| 0 eng d |
| 020 ## - NÚMERO INTERNACIONAL NORMALIZADO PARA LIBROS |
| Número Internacional Normalizado del libro |
0830815651 |
| 040 ## - FUENTE DE CATALOGACIÓN |
| Agencia que realiza la transcripción |
CO-MdFUSB |
| Idioma de catalogación |
spa. |
| Agencia de catalogación original |
CO-MdFUSB |
| Agencia que realiza la modificación |
CO-MdFUSBC |
| Convenciones de la descripción |
rda |
| 041 ## - CÓDIGO DE IDIOMA |
| Código de idioma para texto/pista de sonido o título separado |
eng |
| 082 04 - NÚMERO DE CLASIFICACIÓN DECIMAL DEWEY |
| Número de clasificación |
220.6 |
| Número de la edición del Dewey |
23 |
| Clave de autor-Numero de item |
B8271 |
| 100 1# - ASIENTO PRINCIPAL--NOMBRE PERSONAL |
| Nombre personal |
Bray, Gerald |
| Término relacionador |
autor |
| 245 10 - TÍTULO |
| Título del Material |
Biblical interpretation : |
| Parte restante del título - Subtitulo |
past & present |
| Mención de responsabilidad, etc. |
/ Gerald Bray |
| 264 #1 - PRODUCCIÓN, PUBLICACIÓN, DISTRIBUCIÓN, MANUFACTURA, Y COPYRIGHT |
| Lugar de producción, publicación, distribución, manufactura |
Downer's Grove, Illinois : |
| Nombre del productor, publicador, distribuidor |
InterVarsity Press, |
| Fecha de producción, publicación, distribución, manufactura, o copyright |
[1996] |
| 264 #4 - PRODUCCIÓN, PUBLICACIÓN, DISTRIBUCIÓN, MANUFACTURA, Y COPYRIGHT |
| Fecha de producción, publicación, distribución, manufactura, o copyright |
© 1996 |
| 300 ## - DESCRIPCIÓN FÍSICA |
| Extensión |
608 páginas |
| Dimensiones |
; 23 cm |
| 336 ## - TIPO DE CONTENIDO |
| Fuente |
rdacontent |
| Término de tipo de contenido |
texto |
| Código de tipo de contenido |
txt |
| 337 ## - TIPO DE MEDIO |
| Fuente |
rdamedia |
| Nombre del tipo de medio |
sin mediación |
| Código del tipo de medio |
n |
| 338 ## - TIPO DE SOPORTE |
| Fuente |
rdacarrier |
| Nombre del tipo de soporte |
volumen |
| Código Tipo de soporte |
nc |
| 505 ## - NOTA DE CONTENIDO |
| Información miscelánea |
Parte I: |
| Título |
Antes de la critica histórica: |
| Nota de contenido con formato preestablecido |
Los inicios de la interpretación bíblica. -- Interpretación patrística. -- Interpretación medieval. -- El Renacimiento y la Reforma. |
| Información miscelánea |
Parte II: |
| Título |
El método histórico-crítico. |
| Nota de contenido con formato preestablecido |
El inicio del método histórico-crítico.-- El siglo XIX (1800-1918) El Antiguo Testamento desde De Wette hasta Wellhausen. -- El Nuevo Testamento de Schleiermacher a Schweitzer. -- Mediados del siglo XX (1918-75) La crítica del Antiguo Testamento según Wellhausen. -- Críticas al Nuevo Testamento según Schweitzer. |
| Información miscelánea |
Parte III: |
| Título |
La escena contemporánea: |
| Nota de contenido con formato preestablecido |
Tendencias académicas en interpretación. -- Tendencias sociales en la interpretación. -- tendencias evangélicas en la interpretación.<br/> |
| 520 ## - NOTA DE RESUMEN, ETC. |
| Nota de sumario, etc. |
Interpretación bíblica: pasado y presente es un libro de texto único sobre la historia de la interpretación bíblica. Gerald Bray comienza con los conceptos básicos de la interpretación bíblica de la iglesia que han permanecido constantes a lo largo de los siglos: la revelación divina, la naturaleza del canon, la relación del texto bíblico con la vida de las iglesias cristianas y las tensiones permanentes inherentes al acto de la interpretación bíblica. interpretación. Siguen tres secciones principales. El primero examina el período desde la iglesia antigua hasta los comienzos de la interpretación histórico-crítica moderna en el Renacimiento y la Reforma. La segunda sección aborda el surgimiento de la interpretación histórico-crítica moderna desde finales del siglo XVII hasta el siglo XX. La tercera sección investiga las tendencias actuales en la interpretación bíblica que buscan ofrecer alternativas a la escuela dominante de crítica histórica. Cada sección se divide en capítulos que se centran en períodos o escuelas de interpretación. |
| 563 ## - NOTA DE ENCUADERNACIÓN |
| Nota de encuadernación |
Rústico |
| 630 07 - TITULO UNIFORME |
| Título uniforme |
Biblia |
| Subdivisión de materia general |
Crítica, interpretación, etc. |
| 942 ## - TIPO DE MATERIAL (KOHA) |
| Tipo de Item KOHA |
Libros General |
| 945 ## - INFORMACIÓN LOCAL DEL REGISTRO |
| Catalogador |
JTF-925 |